|
|
|
|
| LEADER |
00000nab#a22000007a#4500 |
| 001 |
arbauad000915 |
| 003 |
AR-BaUAD |
| 005 |
20250711110417.0 |
| 008 |
930625|||||||||###||||||b###|0###a|spa|| |
| 040 |
|
|
|a AR-BaUAD
|c AR-BaUAD
|b spa
|
| 245 |
1 |
0 |
|a Mies van der Rohe
|b un maestro de la arquitectura y el diseño
|
| 300 |
0 |
|
|b fot.
|
| 653 |
|
|
|a DISEÑO INDUSTRIAL
|
| 653 |
|
|
|a MIES VAN DER ROHE, LUDWIG
|
| 653 |
|
|
|a BIOGRAFIAS
|
| 653 |
|
|
|a ARQUITECTOS
|
| 653 |
|
|
|a SIGLO XIX
|
| 653 |
|
|
|a SIGLO XX
|
| 653 |
|
|
|a PABELLONES
|
| 653 |
|
|
|a PABELLON DE ESPAÑA
|
| 653 |
|
|
|a CASA TUGENDHAT
|
| 653 |
|
|
|a SILLA BARCELONA
|
| 653 |
|
|
|a SILLON BRNO
|
| 653 |
|
|
|a SILLA MR
|
| 653 |
|
|
|a SILLON MR
|
| 773 |
0 |
|
|t SUMMA
|g no. 229 [sep. 1986], p. 84-86
|
| 942 |
|
|
|c ARTI
|
| 952 |
|
|
|0 0
|1 0
|4 0
|7 0
|9 45835
|a AR-BAuAD
|b AR-BAuAD
|d 2025-07-11
|l 0
|p AAQA000915
|r 2025-07-11 11:04:17
|w 2025-07-11
|y ARTI
|
| 990 |
|
|
|a DI198
|b TD
|
| 998 |
|
|
|a AAQ
|b BIBUN76
|
| 999 |
|
|
|c 25508
|d 25508
|